ბათუმის შოთა რუსთაველის სახელმწიფო უნივერსიტეტის ბიბლიოთეკა

ფიტოპათოლოგიური კვლევის შედეგები აჭარაში / (ბიბ.ჩანაწერი № 56567)

000 -ლიდერი
ფიქსირებული სიგრძის საკონტროლო ველი 01011nam a2200241Ia 4500
001 - საკონტროლო ნომერი
საკონტროლო ველი 23681
003 - საკონტროლო ნომრის იდენტიფიკატორი
საკონტროლო ველი GE_BSU
005 - ბოლო ოპერაციის თარიღი და დრო
საკონტროლო ველი 20260313154855.0
008 - ფიქსირებული სიგრძის მონაცემთა ელემენტები - ზოგადი ინფორმაცია
ფიქსირებული სიგრძის საკონტროლო ველი 181216s2013||||ge |||||||||||||| ||geo||
020 ## - წიგნის საერთაშორისო სტანდარტული ნომერი
International Standard Book Number ISSN 198712-2750
040 ## - კატალოგიზაციის წყარო
Transcribing agency GE_BSU
041 ## - ენის კოდი
Language code of text/sound track or separate title geo
080 ## - უნივერსალური ათობითი კლასიფიკაციის ინდექსი
Universal Decimal Classification number 632.9 შ-18
100 ## - მთავარი ჩანაწერი - პიროვნების სახელი
Personal name შაინიძე, ოთარ
9 (RLIN) 27130
245 ## - ცნობა სათაურის შესახებ
Title ფიტოპათოლოგიური კვლევის შედეგები აჭარაში /
Statement of responsibility, etc ოთარ შაინიძე ; რედ. მ. დავითაძე.
264 ## - წარმოების, გამოცემის, დისტრიბუციის და სხვა ცნობები
გამოცემის, წარმოების, დისტრიბუციის... ადგილი თბილისი :
გამოცემის, წარმოების, დისტრიბუციის... სახელწოდება პალიტრა L,
გამოცემის, წარმოების, დისტრიბუციის... თარიღი 2013.
300 ## - ფიზიკური აღწერა
Extent 304 გვ. :
Other physical details ილ. ;
Dimensions 22 სმ.
504 ## - BIBLIOGRAPHY, ETC. NOTE
Bibliography, etc ბიბლიოგრასფია გვ. 287-294
653 ## - INDEX TERM--UNCONTROLLED
Uncontrolled term ფიტოპათოლოგიური კვლევის შედეგები აჭარაში
700 ## - ADDED ENTRY--PERSONAL NAME
Personal name დავითაძე, მ.
Relator term რედაქტორი
9 (RLIN) 27131
942 ## - ADDED ENTRY ELEMENTS (KOHA)
Koha item type წიგნი
Source of classification or shelving scheme
ეგზემპლარები
ჩამოწერის სტატუსი დაკარგული ეგზემპლარის სტატუსი კლასიფიკაციის წყარო ან თაროზე გაწყობის სქემა დაზიანების სტატუსი არ გაიცემა მუდმივი მდებარეობა (დაცვის ადგილი) ამჟამინდელი ადგილსამყოფელი თაროზე განთავსების ადგილი შეძენის თარიღი ღირებულება, შესყიდვის ნორმალური ფასი სრული შენახვის შიფრი შტრიხკოდი ბოლო ოპერაციის თარიღი ეგზემპლარის მიმდევრობითი ნომერი (კეტერი?) ფასის ძალაში შესვლის თარიღი ეგზემპლარის სახეობა საჯარო შენიშვნა
          აგრარული და მემბრანული ტექნოლოგიების ინსტიტუტის ბიბლიოთეკა აგრარული და მემბრანული ტექნოლოგიების ინსტიტუტის ბიბლიოთეკა წიგნსაცავი 2018-12-17 10.00 632.9 შ-18 28499 2018-12-17 28499 2018-12-17 წიგნი 10.00 ₾.